[Event "Steyr Landesliga 1213"]
[Site "Austria"]
[Date "2012.10.13"]
[Round "2.7"]
[White "Fluch, Christian"]
[Black "Oswald, Heinz"]
[Result "0-1"]
[WhiteElo "1831"]
[BlackElo "1995"]
[PlyCount "68"]
[EventDate "2012.09.22"]
[EventType "team-tourn"]
[EventRounds "11"]
[EventCountry "AUT"]
[SourceTitle "EXT 2014"]
[Source "ChessBase"]
[SourceDate "2013.11.20"]
[SourceVersion "1"]
[SourceVersionDate "2013.11.20"]
[SourceQuality "1"]
[WhiteTeam "Trofaiach Niklasdorf"]
[BlackTeam "Leibnitz"]
[WhiteTeamCountry "AUT"]
[BlackTeamCountry "AUT"]

1. Nf3 d5 2. g3 Nf6 3. Bg2 e6 4. 0-0 Be7 5. c4 0-0 6. d4 c6 7. Qc2 Nbd7 8. Nbd2 Qc7 9. e4 dxe4 10. Nxe4 Nxe4 11. Qxe4 Nf6 12. Qc2 Rd8 13. Bf4 Qa5 14. a3 Re8 15. Ne5 Bd7 16. b4 Qd8 17. b5 Qc8 18. bxc6 bxc6 19. Qa4 a5 20. Nxd7 Nxd7 21. Bxc6 Ra7 22. Rab1 Rd8 23. Rfe1 Qa6 24. d5 Nc5 25. Qc2 exd5 26. Bb8 Qxc6 27. Bxa7 Ne6 28. Bb6 Rc8 29. Qd2 dxc4 30. h4 c3 31. Qc2 Bxa3 32. Bxa5 Bb2 33. Rxe6 Qxe6 34. Bxc3 Bxc3 0-1